000
00195nam a2200085Ia 4500
008
221123s9999 xx 000 0 und d
100
_a
ARNOLD E
_9
168529
245
0
_a
MEN`S GYMNASTICS
942
_c
BK
_w
561
_x
John Tresidder
_y
561
_z
John Tresidder
999
_c
739063
_d
739062